Harvey iniciador del método experimental (Record no. 104885)

MARC details
000 -LEADER
campo de control de longitud fija 00855nam a2200205 i 4500
001 - NÚMERO DE CONTROL
campo de control 104885
003 - IDENTIFICADOR DE NÚMERO DE CONTROL
campo de control ES-MaACL
005 - FECHA Y HORA DE LA ÚLTIMA TRANSACCIÓN
campo de control 20230906183721.0
007 - CAMPO FIJO DE DESCRIPCIÓN FÍSICA--INFORMACIÓN GENERAL
campo de control de longitud fija t|
008 - DATOS DE LONGITUD FIJA--INFORMACIÓN GENERAL
campo de control de longitud fija 060522s1936 mx ||||1| spa d
080 ## - NÚMERO DE LA CLASIFICACIÓN DECIMAL UNIVERSAL
Número de la Clasificación Decimal Universal 61 Harvey, William
100 1# - ENTRADA PRINCIPAL--NOMBRE DE PERSONA
Nombre de persona Izquierdo, José Joaquín.
9 (RLIN) 65708
245 10 - MENCIÓN DEL TÍTULO
Título Harvey iniciador del método experimental
Resto del título : estudio crítico de su obra "De motu cordis" y de los factores que la mantuvieron ignorada en los paises de habla española, con una reproducción fascsimilar de la edición original y su primera versión castellana /
Mención de responsabilidad, etc. por José Joaquín Izquierdo.
260 ## - PUBLICACIÓN, DISTRIBUCIÓN, ETC.
Lugar de publicación, distribución, etc. México :
Nombre del editor, distribuidor, etc. Ciencia,
Fecha de publicación, distribución, etc. 1936.
300 ## - DESCRIPCIÓN FÍSICA
Extensión XVII, 398 p. ;
Dimensiones 23 cm.
500 ## - NOTA GENERAL
Nota general Biblioteca Jacinto Martínez Lacalle.
600 14 - PUNTO DE ACCESO ADICIONAL DE MATERIA--NOMBRE DE PERSONA
Nombre de persona Harvey, William.
9 (RLIN) 62025
700 1# - ENTRADA AGREGADA--NOMBRE PERSONAL
Nombre de persona Harvey, William.
9 (RLIN) 62025
852 ## - LOCALIZACIÓN
Ubicación ES-MaACL
Número de control de estantería E-11207
Sublocalización o colección R.138930
Holdings
Estatus retirado Estado de pérdida Estado de daño No para préstamo Biblioteca de origen Biblioteca actual Ubicación en estantería Fecha de adquisición Fuente de adquisición Total de préstamos Signatura topográfica completa Código de barras Visto por última vez Precio de reemplazo Tipo de ítem Koha
        Biblioteca del Ateneo de Madrid Biblioteca del Ateneo de Madrid Depósito 2 17/01/2008     E-11207 1109499 23/02/2023 23/02/2023 Libro impreso